[Event "TCh-TUR Super League 2018"]
[Site "Ankara TUR"]
[Date "2018.07.28"]
[Round "4.3.2"]
[White "Kanmazalp, Ogulcan"]
[Black "Baryshpolets, Andrey"]
[Result "0-1"]
[WhiteTitle "IM"]
[BlackTitle "GM"]
[WhiteElo "2481"]
[BlackElo "2603"]
[WhiteTeam "KAHRAMANMARAS BUYUKSEHIR BELEDIYESI GENCLIK VE SPOR KULUBU DERNEGI"]
[BlackTeam "KARAMAN BELEDIYE SPOR KULUBU"]
[WhiteFideId "6304990"]
[BlackFideId "14117207"]
[EventDate "2018.07.25"]

1. e4 e6 2. d4 d5 3. Nd2 Be7 4. Ngf3 Nf6 5. e5 Nfd7 6. Bd3 c5 7. c3 Nc6 8. O-O
g5 9. dxc5 g4 10. Nd4 Ndxe5 11. Bb5 Bd7 12. N2b3 h5 13. Re1 Nxd4 14. Nxd4 Bxb5
15. Rxe5 Bd7 16. Qe2 Qc8 17. b4 f6 18. Rxe6 Bxe6 19. Nxe6 Kf7 20. Nd4 Qd7 21.
Qd3 Rae8 22. Be3 h4 23. Rd1 Rh5 24. Ne2 Rd8 25. Nf4 Rf5 26. c4 d4 27. Bxd4 Bf8
28. Nd5 Rxd5 29. cxd5 Qxd5 30. Rd2 h3 31. f3 Bg7 32. Qe2 0-1

[Event "TCh-TUR Super League 2018"]
[Site "Ankara TUR"]
[Date "2018.07.28"]
[Round "4.3.3"]
[White "Ertan, Can"]
[Black "Benidze, Davit"]
[Result "0-1"]
[WhiteTitle "FM"]
[BlackTitle "GM"]
[WhiteElo "2379"]
[BlackElo "2487"]
[WhiteTeam "KARAMAN BELEDIYE SPOR KULUBU"]
[BlackTeam "KAHRAMANMARAS BUYUKSEHIR BELEDIYESI GENCLIK VE SPOR KULUBU DERNEGI"]
[WhiteFideId "6306330"]
[BlackFideId "13603086"]
[EventDate "2018.07.25"]

1. e4 g6 2. d4 Bg7 3. Nc3 c6 4. Bc4 b5 5. Bb3 b4 6. Nce2 Nf6 7. e5 Nd5 8. a3 d6
9. exd6 Qxd6 10. axb4 Qxb4+ 11. Bd2 Qb6 12. Nf3 Bg4 13. Ba5 Qb7 14. Ne5 Be6 15.
c4 Nc7 16. Nf4 O-O 17. O-O Nd7 18. Nxc6 Qxc6 19. d5 Bxd5 20. cxd5 Qd6 21. Rc1
Rac8 22. Ne2 Nc5 23. Bb4 N7a6 24. Ba3 Rb8 25. Bc4 Bxb2 26. Bxb2 Rxb2 27. Nd4 Nb4
28. Qf3 Qe5 29. Rfd1 Qe4 30. Qc3 Na4 31. Qa3 Rc8 32. f3 Qe5 33. Kh1 Nc2 34. Qxa4
Nxd4 35. Qa1 Nxf3 0-1

[Event "TCh-TUR Super League 2018"]
[Site "Ankara TUR"]
[Date "2018.07.28"]
[Round "4.3.4"]
[White "Soysal, Serkan"]
[Black "Tofan, Ibrahim"]
[Result "1-0"]
[WhiteTitle "IM"]
[WhiteElo "2406"]
[BlackElo "2169"]
[WhiteTeam "KAHRAMANMARAS BUYUKSEHIR BELEDIYESI GENCLIK VE SPOR KULUBU DERNEGI"]
[BlackTeam "KARAMAN BELEDIYE SPOR KULUBU"]
[WhiteFideId "6349250"]
[BlackFideId "6301150"]
[EventDate "2018.07.25"]

1. Nf3 Nf6 2. c4 c5 3. Nc3 Nc6 4. e3 e6 5. d4 d5 6. a3 dxc4 7. Bxc4 a6 8. O-O
Be7 9. dxc5 Qxd1 10. Rxd1 Bxc5 11. b4 Be7 12. Bb2 O-O 13. Be2 b5 14. Nd2 Bb7 15.
Nb3 Rac8 16. Rac1 Rfd8 17. Rxd8+ Nxd8 18. Na5 Ba8 19. Na2 Rxc1+ 20. Nxc1 Nd7 21.
Nd3 f6 22. Bc3 Bd5 23. f3 e5 24. e4 Be6 25. Nb2 Nb8 26. Bd2 Bd6 27. Nd3 Bc7 28.
Nc5 Bb6 29. Kf1 Bxc5 30. bxc5 Nbc6 31. Kf2 Nxa5 32. Bxa5 Nc6 33. Bc3 Kf7 34. Ke3
Bb3 35. f4 Ke7 36. g3 Ba4 37. h4 h6 38. g4 Bc2 39. g5 Bb3 40. gxh6 gxh6 41. h5
Bc2 42. fxe5 fxe5 43. Be1 Nd4 44. Bh4+ Kf7 45. Bg4 Bb3 46. Bc8 a5 47. Bb7 1-0

[Event "TCh-TUR Super League 2018"]
[Site "Ankara TUR"]
[Date "2018.07.28"]
[Round "4.4.5"]
[White "Nechaeva, Marina"]
[Black "Unuk, Laura"]
[Result "1/2-1/2"]
[WhiteTitle "IM"]
[BlackTitle "WIM"]
[WhiteElo "2410"]
[BlackElo "2355"]
[WhiteTeam "ROTA KOLEJI SPOR KULUBU DERNEGI"]
[BlackTeam "TAS DUVAR SPOR KULUBU DERNEGI"]
[WhiteFideId "4149351"]
[BlackFideId "14609215"]
[EventDate "2018.07.25"]

1. d4 Nf6 2. c4 e6 3. Nc3 Bb4 4. Qc2 d5 5. cxd5 exd5 6. Bg5 h6 7. Bh4 O-O 8. e3
Be6 9. a3 Be7 10. Bd3 c5 11. Nf3 Nc6 12. dxc5 d4 13. Bxf6 Bxf6 14. Ne4 dxe3 15.
Nxf6+ Qxf6 16. fxe3 Ne5 17. O-O Nxd3 18. Qxd3 Rad8 19. Nd4 Qe5 20. b4 Bd5 21.
Rad1 Be4 22. Qe2 Rde8 23. Qf2 f5 24. Nb5 Re6 25. Rd6 Rff6 26. Rxe6 Qxe6 27. Nd6
Bc6 28. Qd2 b6 29. Rf2 bxc5 30. bxc5 Kh8 31. Qd3 Qe5 32. Qd4 Qe6 33. h3 Qb3 34.
Qe5 Re6 35. Qxf5 Qxe3 36. Qf8+ Kh7 37. Nf5 Qc1+ 38. Kh2 Qc3 39. Nh4 Qe5+ 40. Kg1
Qe1+ 41. Kh2 Qe5+ 42. Kg1 Be4 43. Nf5 Rg6 44. Nd6 Bxg2 45. Qh8+ Kxh8 46. Nf7+
Kg8 47. Nxe5 Re6 48. Kxg2 Rxe5 49. Rc2 Re7 50. Kf3 Kf7 51. Rc4 Rc7 52. Ke4 Ke6 1/2-1/2

[Event "TCh-TUR Super League 2018"]
[Site "Ankara TUR"]
[Date "2018.07.28"]
[Round "4.4.6"]
[White "Samani, Yamac"]
[Black "Kilic, Efe Mert"]
[Result "1-0"]
[WhiteTitle "FM"]
[BlackTitle "FM"]
[WhiteElo "2227"]
[BlackElo "2317"]
[WhiteTeam "TAS DUVAR SPOR KULUBU DERNEGI"]
[BlackTeam "ROTA KOLEJI SPOR KULUBU DERNEGI"]
[WhiteFideId "6352634"]
[BlackFideId "6354327"]
[EventDate "2018.07.25"]

1. e4 e5 2. Nf3 Nc6 3. Bb5 Nge7 4. O-O g6 5. c3 Bg7 6. d4 exd4 7. cxd4 a6 8. Ba4
b5 9. Bb3 d6 10. h3 O-O 11. a4 Bb7 12. Re1 h6 13. Nc3 b4 14. Ne2 Na5 15. Bc2 c5
16. Ng3 Rc8 17. d5 Nc4 18. Qe2 Nxb2 19. Rb1 Re8 20. Qf1 c4 21. Bxb2 Bxb2 22.
Rxb2 a5 23. Rc1 Nxd5 24. exd5 Qf6 25. Rbb1 Bxd5 26. Qd1 Bxf3 27. gxf3 Red8 28.
Ne4 Qe5 29. Qd5 Qxd5 30. Nf6+ Kg7 31. Nxd5 Rc5 32. Rd1 Rb8 33. Nc3 Rd8 34. Ne4
Rc6 35. Rd5 f5 36. Nd2 Re8 37. f4 b3 38. Nxb3 cxb3 39. Bxb3 Re4 40. Rxa5 Rxf4
41. Rb5 Rc3 42. Kg2 g5 43. a5 g4 44. hxg4 Rxg4+ 45. Kf1 Rh4 46. Bd5 Ra4 47. Bb7
f4 48. Kg2 Ra2 49. R1b2 Ra1 50. a6 f3+ 51. Kg3 Kf6 52. R2b3 Rg1+ 53. Kf4 Rc4+
54. Kxf3 Ra4 55. Rd3 Ke7 56. Rb6 Rg6 57. Bc6 Rf6+ 58. Kg2 Rg6+ 59. Rg3 Rxg3+ 60.
fxg3 Ra2+ 61. Kf3 1-0

[Event "TCh-TUR Super League 2018"]
[Site "Ankara TUR"]
[Date "2018.07.28"]
[Round "4.5.1"]
[White "Zubov, Alexander"]
[Black "Kuzubov, Yuriy"]
[Result "1/2-1/2"]
[WhiteTitle "GM"]
[BlackTitle "GM"]
[WhiteElo "2611"]
[BlackElo "2660"]
[WhiteTeam "DARUSSAFAKA SPOR KULUBU"]
[BlackTeam "TARSUS ZEKA SATRANC KULUBU"]
[WhiteFideId "14109409"]
[BlackFideId "14112906"]
[EventDate "2018.07.25"]

1. e4 e5 2. Nf3 Nf6 3. Nxe5 d6 4. Nf3 Nxe4 5. d4 d5 6. Bd3 Be7 7. O-O Bf5 8. Re1
O-O 9. Nbd2 Nd6 10. Nf1 Nd7 11. Bf4 Bxd3 12. Qxd3 Re8 13. Re2 Bf8 14. Rae1 Rxe2
15. Rxe2 c6 16. c3 Qf6 17. g3 Qf5 18. Qxf5 Nxf5 19. Ne5 Nxe5 20. Rxe5 g6 21. Re2
f6 22. Ne3 Nxe3 23. Bxe3 Re8 24. f3 Kf7 25. Kf2 Bd6 26. Bd2 Rxe2+ 27. Kxe2 Ke6
28. Kf2 f5 29. b4 b5 30. h3 a6 1/2-1/2

[Event "TCh-TUR Super League 2018"]
[Site "Ankara TUR"]
[Date "2018.07.28"]
[Round "4.5.2"]
[White "Mchedlishvili, Mikheil"]
[Black "Erturan, Yakup"]
[Result "1/2-1/2"]
[WhiteTitle "GM"]
[BlackTitle "IM"]
[WhiteElo "2608"]
[BlackElo "2378"]
[WhiteTeam "TARSUS ZEKA SATRANC KULUBU"]
[BlackTeam "DARUSSAFAKA SPOR KULUBU"]
[WhiteFideId "13600966"]
[BlackFideId "6301410"]
[EventDate "2018.07.25"]

1. c4 c5 2. Nf3 Nc6 3. Nc3 Nf6 4. g3 g6 5. d4 cxd4 6. Nxd4 d6 7. Bg2 Bd7 8. O-O
Bg7 9. Nc2 O-O 10. b3 a6 11. a4 Rb8 12. Bd2 Qc8 13. Re1 Bh3 14. Bh1 Nd7 15. Rb1
Re8 16. Nd5 Nc5 17. a5 Bf5 18. Nb6 Qe6 19. e4 Bg4 20. f3 Bh3 21. Re3 Nd4 22. Bc3
Nxc2 23. Qxc2 Bxc3 24. Qxc3 Qe5 25. Qxe5 dxe5 26. b4 Nd7 27. Rd3 Nxb6 28. axb6
Be6 29. c5 Rec8 30. Rc1 Ra8 31. Ra3 Bd7 32. Bg2 Bc6 33. Rd1 Rd8 34. Rad3 Rdc8
35. Ra3 Rd8 36. Rad3 Rdc8 37. Bh3 e6 38. Ra3 Rd8 39. Rad3 Rdc8 40. Ra1 Rd8 41.
Rdd1 Kf8 42. Bf1 Rxd1 43. Rxd1 Ke7 44. Kf2 Rd8 45. Rxd8 Kxd8 46. Ke3 Bb5 47. Bg2
f6 48. Bh3 Ke7 49. Kd2 Bc6 50. Bf1 Kd7 51. Bc4 Bb5 52. Bb3 Bc6 53. Ke3 Bb5 54.
Kd2 Bc6 55. Kc3 Bb5 56. f4 Bc6 57. fxe5 fxe5 58. Bc2 Bb5 59. Bb1 Bc6 1/2-1/2

[Event "TCh-TUR Super League 2018"]
[Site "Ankara TUR"]
[Date "2018.07.28"]
[Round "4.5.8"]
[White "Sahin, Hayrun Nisa"]
[Black "Yorgun, Yaren Naz"]
[Result "1/2-1/2"]
[WhiteElo "1736"]
[BlackElo "1737"]
[WhiteTeam "TARSUS ZEKA SATRANC KULUBU"]
[BlackTeam "DARUSSAFAKA SPOR KULUBU"]
[WhiteFideId "6380875"]
[BlackFideId "6361021"]
[EventDate "2018.07.25"]

1. e4 g6 2. d4 Bg7 3. Nc3 d6 4. Nf3 Nf6 5. Be3 O-O 6. Qd2 a6 7. Bh6 b5 8. Bd3
Bb7 9. h4 Bxh6 10. Qxh6 Ng4 11. Qd2 h5 12. Nh2 Nxh2 13. Rxh2 e5 14. dxe5 dxe5
15. O-O-O Qf6 16. g4 hxg4 17. Rg1 Qf4 18. Qxf4 exf4 19. Rxg4 Kg7 20. h5 Rh8 21.
Rxf4 Rxh5 22. Rxh5 gxh5 23. Rh4 Nd7 24. Rxh5 Rh8 25. Rxh8 Kxh8 26. Kd2 Kg7 27.
Ke3 Kf6 28. f4 Ke6 29. Ne2 c5 30. b3 Nf6 31. a4 bxa4 32. bxa4 Nd7 33. a5 Nb8 34.
Nc3 f6 35. Na4 Kd6 36. Nb6 Bc6 37. Nc8+ Kd7 38. Nb6+ Kd6 39. Bc4 Ke7 40. Bd5 Bb5
41. Bb7 Bc6 42. Bxc6 Nxc6 43. Nd5+ Ke6 44. Nc7+ Kd6 45. Nxa6 Nxa5 46. Kf3 1/2-1/2

[Event "TCh-TUR Super League 2018"]
[Site "Ankara TUR"]
[Date "2018.07.28"]
[Round "4.6.1"]
[White "Mamedov, Rauf"]
[Black "Koksal, Ege"]
[Result "1-0"]
[WhiteTitle "GM"]
[BlackTitle "IM"]
[WhiteElo "2708"]
[BlackElo "2378"]
[WhiteTeam "BESIKTAS JIMNASTIK KULUBU"]
[BlackTeam "GENC AKADEMISYENLER EGITIM KULTUR VE ARASTIRMA KULUBU"]
[WhiteFideId "13401653"]
[BlackFideId "6317626"]
[EventDate "2018.07.25"]

1. e4 e5 2. Nf3 Nf6 3. Nxe5 d6 4. Nc4 Nxe4 5. Qe2 Qe7 6. Ne3 Nf6 7. d4 d5 8. c3
Nc6 9. Qb5 a6 10. Qb3 g6 11. Be2 Qd6 12. Bf3 Ne7 13. O-O Bg7 14. c4 c6 15. Nc3
O-O 16. cxd5 cxd5 17. Nexd5 Nfxd5 18. Nxd5 Nxd5 19. Bxd5 Bxd4 20. Bh6 Bg7 21.
Bxg7 Kxg7 22. Rfe1 Rb8 23. Rac1 Bf5 24. h3 Qf6 25. Rc7 g5 26. Qb4 Bg6 27. Re6
Qf4 28. Qc3+ Kh6 29. Rf6 Qa4 30. Bxf7 Rbd8 31. Bb3 Qe8 32. Re6 Qb5 33. Qg7+ 1-0

[Event "TCh-TUR Super League 2018"]
[Site "Ankara TUR"]
[Date "2018.07.28"]
[Round "4.6.2"]
[White "Bolat, Ahmet"]
[Black "Safarli, Eltaj"]
[Result "0-1"]
[BlackTitle "GM"]
[WhiteElo "2124"]
[BlackElo "2667"]
[WhiteTeam "GENC AKADEMISYENLER EGITIM KULTUR VE ARASTIRMA KULUBU"]
[BlackTeam "BESIKTAS JIMNASTIK KULUBU"]
[WhiteFideId "6327923"]
[BlackFideId "13402129"]
[EventDate "2018.07.25"]

1. Nc3 d5 2. e4 d4 3. Nce2 d3 4. Nc3 dxc2 5. Qxc2 e5 6. Nf3 Bd6 7. d4 exd4 8.
Nxd4 Nf6 9. h3 Bc5 10. Nb3 Bb4 11. Bd2 O-O 12. O-O-O Qe7 13. a3 Bxc3 14. Bxc3
Nxe4 15. Bb4 c5 16. Nxc5 a5 17. Qxe4 Qxe4 18. Nxe4 axb4 19. axb4 Nc6 20. Bc4 Ne5
21. Bd5 Nd3+ 22. Rxd3 Ra1+ 23. Kd2 Rxh1 24. Nd6 Be6 25. Bxb7 Rd8 26. b5 Kf8 27.
Bf3 Ke7 28. Ne4 Rb1 29. Rxd8 Kxd8 30. Kc2 Rf1 31. Nd2 Bf5+ 32. Kc3 Rxf2 33. b6
h5 34. Bxh5 Rxg2 35. Bxf7 Rg3+ 36. Kb4 Bxh3 37. Bd5 Rd3 38. b7 Kc7 0-1

[Event "TCh-TUR Super League 2018"]
[Site "Ankara TUR"]
[Date "2018.07.28"]
[Round "4.6.5"]
[White "Ozturk, Kubra"]
[Black "Mamedjarova, Zeinab"]
[Result "0-1"]
[WhiteTitle "WGM"]
[BlackTitle "WGM"]
[WhiteElo "2330"]
[BlackElo "2345"]
[WhiteTeam "BESIKTAS JIMNASTIK KULUBU"]
[BlackTeam "GENC AKADEMISYENLER EGITIM KULTUR VE ARASTIRMA KULUBU"]
[WhiteFideId "6302599"]
[BlackFideId "13401521"]
[EventDate "2018.07.25"]

1. d4 d5 2. Nf3 e6 3. c4 Nf6 4. Nc3 Be7 5. g3 O-O 6. Bg2 Nbd7 7. Qb3 Nb6 8. cxd5
exd5 9. O-O Bf5 10. Ne5 a5 11. a3 c6 12. h3 a4 13. Qd1 Nfd7 14. Nd3 h6 15. f4
Bxd3 16. exd3 f5 17. Be3 Bf6 18. Rc1 Qe7 19. Bf2 g6 20. Kh2 Qg7 21. Ne2 Nc8 22.
Qd2 Re8 23. Rce1 Nf8 24. Qb4 Qe7 25. Qd2 Ne6 26. g4 Nd6 27. Ng3 Qc7 28. Re5 fxg4
29. hxg4 Nf7 30. Rc1 Nxf4 31. Qxf4 Nxe5 32. dxe5 Bg5 33. Bxd5+ Kh7 34. Qc4 Bxc1
35. Qxc1 Qxe5 36. Be4 Rf8 37. Be3 Rf7 38. Kg2 Raf8 39. d4 Qe6 40. Qh1 Kg8 41.
Qxh6 Qxg4 42. Qxg6+ Qxg6 43. Bxg6 Rf3 44. Bc1 Rf2+ 45. Kh3 Kg7 46. Be4 Kf6 47.
Nh5+ Ke7 48. Kg3 Rf1 49. Bg5+ Kd7 50. Bg2 Rg1 51. Nf6+ Ke6 52. Ne4 Kf5 53. Nf2
Rxg2+ 54. Kxg2 Kxg5 55. Ne4+ 0-1

[Event "TCh-TUR Super League 2018"]
[Site "Ankara TUR"]
[Date "2018.07.28"]
[Round "4.6.6"]
[White "Bozbey, Ali"]
[Black "Gledura, Benjamin"]
[Result "0-1"]
[BlackTitle "GM"]
[WhiteElo "2126"]
[BlackElo "2626"]
[WhiteTeam "GENC AKADEMISYENLER EGITIM KULTUR VE ARASTIRMA KULUBU"]
[BlackTeam "BESIKTAS JIMNASTIK KULUBU"]
[WhiteFideId "6347380"]
[BlackFideId "712779"]
[EventDate "2018.07.25"]

1. e4 c6 2. d3 d5 3. Nd2 g6 4. Ngf3 Bg7 5. g3 e5 6. Bg2 Ne7 7. b3 O-O 8. Bb2 d4
9. O-O c5 10. a4 Nbc6 11. Nc4 b6 12. Ng5 f6 13. Nh3 Be6 14. f4 Qd7 15. Nf2 Rae8
16. fxe5 Nxe5 17. Nxe5 fxe5 18. Bc1 Nc6 19. Bd2 Nb4 20. Rc1 Rf7 21. Qe1 Ref8 22.
h4 a5 23. Qe2 Kh8 24. Kh2 h5 25. Bg5 Kh7 26. Qd2 b5 27. axb5 Qxb5 28. Ra1 Ra7
29. Ra4 Nxc2 30. Ra2 Nb4 31. Ra3 Raf7 32. Raa1 Bxb3 33. g4 hxg4 34. Qe2 Be6 35.
Kg3 Rf4 36. Rac1 a4 37. Be7 R8f7 38. Bxc5 Na2 0-1

[Event "TCh-TUR Super League 2018"]
[Site "Ankara TUR"]
[Date "2018.07.29"]
[Round "5.1.1"]
[White "Kuzubov, Yuriy"]
[Black "Mamedov, Rauf"]
[Result "1/2-1/2"]
[WhiteTitle "GM"]
[BlackTitle "GM"]
[WhiteElo "2660"]
[BlackElo "2708"]
[WhiteTeam "TARSUS ZEKA SATRANC KULUBU"]
[BlackTeam "BESIKTAS JIMNASTIK KULUBU"]
[WhiteFideId "14112906"]
[BlackFideId "13401653"]
[EventDate "2018.07.25"]

1. e4 e5 2. Nf3 Nc6 3. Bb5 Nf6 4. O-O Nxe4 5. Re1 Nd6 6. Nxe5 Be7 7. Bf1 Nxe5 8.
Rxe5 O-O 9. d4 Bf6 10. Re1 Re8 11. c3 Rxe1 12. Qxe1 Qe8 13. Qxe8+ Nxe8 14. Bf4
d5 15. Nd2 Be7 16. Re1 Kf8 17. f3 Bd6 18. Bxd6+ Nxd6 19. Kf2 Bd7 20. Bd3 h6 21.
Nf1 Re8 22. Rxe8+ Kxe8 23. Ne3 c6 24. h4 Ke7 25. g4 g5 26. hxg5 hxg5 27. Kg3 f6
28. f4 Be6 29. f5 Bf7 30. Kf2 Kd7 1/2-1/2

[Event "TCh-TUR Super League 2018"]
[Site "Ankara TUR"]
[Date "2018.07.29"]
[Round "5.1.2"]
[White "Safarli, Eltaj"]
[Black "Mchedlishvili, Mikheil"]
[Result "1/2-1/2"]
[WhiteTitle "GM"]
[BlackTitle "GM"]
[WhiteElo "2667"]
[BlackElo "2608"]
[WhiteTeam "BESIKTAS JIMNASTIK KULUBU"]
[BlackTeam "TARSUS ZEKA SATRANC KULUBU"]
[WhiteFideId "13402129"]
[BlackFideId "13600966"]
[EventDate "2018.07.25"]

1. Nf3 Nf6 2. c4 c5 3. Nc3 Nc6 4. d4 cxd4 5. Nxd4 e6 6. a3 Be7 7. e4 O-O 8. Nf3
Qa5 9. Bd2 Qh5 10. Be2 d5 11. cxd5 exd5 12. exd5 Nxd5 13. Nd4 Qh4 14. Nf3 Qh5
15. Nd4 Qh4 16. Nf3 Qh5 17. Nd4 Qh4 1/2-1/2

[Event "TCh-TUR Super League 2018"]
[Site "Ankara TUR"]
[Date "2018.07.29"]
[Round "5.1.5"]
[White "Szczepkowska, Karina"]
[Black "Ozturk, Kubra"]
[Result "0-1"]
[WhiteTitle "IM"]
[BlackTitle "WGM"]
[WhiteElo "2396"]
[BlackElo "2330"]
[WhiteTeam "TARSUS ZEKA SATRANC KULUBU"]
[BlackTeam "BESIKTAS JIMNASTIK KULUBU"]
[WhiteFideId "1122681"]
[BlackFideId "6302599"]
[EventDate "2018.07.25"]

1. e4 e5 2. Nf3 Nc6 3. d4 exd4 4. Nxd4 Bc5 5. Nb3 Bb6 6. Nc3 Nf6 7. Qe2 d6 8.
Be3 O-O 9. O-O-O Bxe3+ 10. Qxe3 Qe7 11. f3 a5 12. g4 a4 13. Nd4 a3 14. b3 Qe5
15. Ndb5 Be6 16. f4 Nxg4 17. Qg3 Qc5 18. f5 Ne3 19. Rd3 Nxf1 20. Rxf1 Nb4 21.
Rdd1 Bd7 22. f6 g6 23. Kb1 Bxb5 24. Rf5 d5 25. Rdxd5 Nxd5 26. Nxd5 Qd4 27. Nc3
Rfd8 0-1

[Event "TCh-TUR Super League 2018"]
[Site "Ankara TUR"]
[Date "2018.07.29"]
[Round "5.1.6"]
[White "Gledura, Benjamin"]
[Black "Gulden, Egemen"]
[Result "1/2-1/2"]
[WhiteTitle "GM"]
[BlackTitle "CM"]
[WhiteElo "2626"]
[BlackElo "2085"]
[WhiteTeam "BESIKTAS JIMNASTIK KULUBU"]
[BlackTeam "TARSUS ZEKA SATRANC KULUBU"]
[WhiteFideId "712779"]
[BlackFideId "6324983"]
[EventDate "2018.07.25"]

1. Nf3 Nf6 2. c4 g6 3. Nc3 Bg7 4. e4 d6 5. d4 O-O 6. Be2 c5 7. O-O Bg4 8. d5
Nfd7 9. Bd2 Na6 10. a3 Nc7 11. Rb1 e6 12. h3 Bxf3 13. Bxf3 exd5 14. exd5 f5 15.
b4 b6 16. Qa4 Ne5 17. Be2 f4 18. f3 Ne8 19. Ne4 Rf7 20. Rfe1 Rc8 21. Rbc1 h6 22.
Bf1 g5 23. Bc3 h5 24. bxc5 bxc5 25. Qa5 Qe7 26. Qa6 Rb8 27. Be2 g4 28. fxg4 hxg4
29. Bxg4 Nxg4 30. Nf6+ Ngxf6 31. Rxe7 Rxe7 32. Rf1 Nh5 33. Bxg7 Rxg7 34. Qc6 Re7
35. Kh2 Rb2 36. Qc8 Ree2 37. Rf2 Rxf2 38. Qxe8+ Kg7 39. Qd7+ Kg6 40. Qg4+ Kh6
41. Qe6+ Kg5 42. Qg4+ 1/2-1/2

[Event "TCh-TUR Super League 2018"]
[Site "Ankara TUR"]
[Date "2018.07.29"]
[Round "5.2.1"]
[White "Goganov, Aleksey"]
[Black "Zubov, Alexander"]
[Result "1-0"]
[WhiteTitle "GM"]
[BlackTitle "GM"]
[WhiteElo "2576"]
[BlackElo "2611"]
[WhiteTeam "TAS DUVAR SPOR KULUBU DERNEGI"]
[BlackTeam "DARUSSAFAKA SPOR KULUBU"]
[WhiteFideId "24109959"]
[BlackFideId "14109409"]
[EventDate "2018.07.25"]

1. d4 d5 2. c4 dxc4 3. e3 Nf6 4. Bxc4 e6 5. Nf3 c5 6. O-O a6 7. Nc3 b5 8. Be2
Bb7 9. dxc5 Bxc5 10. Qxd8+ Kxd8 11. Nd2 Nc6 12. Nb3 Bb4 13. a4 bxa4 14. Nxa4 Nd7
15. Rd1 Ke7 16. Bd2 Rhc8 17. Rac1 Bxd2 18. Rxd2 Nce5 19. Rxc8 Rxc8 20. f4 Ng6
21. Na5 Rc1+ 22. Kf2 Bc8 23. Nc3 Nc5 24. Nc6+ Kf6 25. Bf3 Nh4 26. Ne5 Ke7 27.
Ba8 Ng6 28. Nc6+ Kf6 29. g4 h6 30. Rd8 Bd7 31. Rxd7 Rxc3 32. Rxf7+ Kxf7 33. bxc3
Kf6 34. Na5 e5 35. Kg3 Nh8 36. Bd5 g5 37. f5 Nf7 38. Bxf7 Kxf7 39. Kf3 e4+ 40.
Ke2 Nd7 41. Nb7 Kf6 42. h3 Ke5 43. c4 Nf6 44. Nd8 Kd6 45. Kd2 h5 46. gxh5 Nxh5
47. Nf7+ Ke7 48. Nxg5 Ng3 49. Ne6 Nf1+ 50. Ke2 Ng3+ 51. Kf2 Nxf5 52. Nc5 Nd6 53.
Nxa6 Nxc4 54. Nc5 Kf6 55. Nxe4+ Kf5 56. Ng3+ Kg5 57. Ne2 Nd2 58. Ng3 Nc4 59. Nf1
Kh4 60. Kg2 Nd6 61. Nd2 Kg5 62. Kf3 Kh4 63. Ne4 Nf5 64. Nf2 Kg5 65. Nd3 Kh4 66.
Nf4 Nd6 67. e4 Nc4 68. Kf2 Ne5 69. Kg2 Nf7 70. Ne6 Nd6 71. Nc5 Nf7 72. Nd3 Ng5
73. Nf2 Ne6 74. Kf3 Kg5 75. Kg3 Nd4 76. Nd3 Ne2+ 77. Kf2 Nd4 78. Ke3 Nc2+ 79.
Kf3 Nd4+ 80. Kf2 Kh4 81. Nf4 Nc6 82. Kg2 Ne5 83. Ne2 Nd3 84. Ng1 Nf4+ 85. Kh2
Kg5 86. Nf3+ Kh5 87. Kg3 Ne2+ 88. Kf2 Nf4 89. Ng1 Kh4 90. Ke3 Ng6 91. Kf3 Ne5+
92. Kf4 Ng6+ 93. Kf5 Ne7+ 94. Kf6 Ng8+ 95. Kf7 Nh6+ 96. Kg6 Ng8 97. e5 1-0

[Event "TCh-TUR Super League 2018"]
[Site "Ankara TUR"]
[Date "2018.07.29"]
[Round "5.2.2"]
[White "Erturan, Yakup"]
[Black "Triapishko, Alexandr"]
[Result "0-1"]
[WhiteTitle "IM"]
[BlackTitle "IM"]
[WhiteElo "2378"]
[BlackElo "2509"]
[WhiteTeam "DARUSSAFAKA SPOR KULUBU"]
[BlackTeam "TAS DUVAR SPOR KULUBU DERNEGI"]
[WhiteFideId "6301410"]
[BlackFideId "14122286"]
[EventDate "2018.07.25"]

1. e4 c6 2. d4 d5 3. Nc3 dxe4 4. Nxe4 Bf5 5. Ng3 Bg6 6. h4 h6 7. Nf3 e6 8. h5
Bh7 9. Bd3 Bxd3 10. Qxd3 Nf6 11. Bd2 Be7 12. O-O-O O-O 13. Kb1 c5 14. Qe2 cxd4
15. Be3 Nc6 16. Nxd4 Qc7 17. Nxc6 Qxc6 18. Bd4 Rac8 19. Bxf6 Bxf6 20. Ne4 Be5
21. Rh3 f5 22. Nc3 Qxg2 23. Re3 Bxc3 24. bxc3 Qg4 25. Rxe6 Qxe2 26. Rxe2 Rc7 27.
Kb2 f4 28. Re5 Rfc8 29. Rd3 Rc5 30. Red5 R8c7 31. a4 Rxd5 32. Rxd5 g6 33. hxg6
Kg7 34. Rf5 Kxg6 35. Rxf4 h5 36. Kc1 Rh7 37. Rh4 Kg5 38. Rh3 Kg4 39. Rg3+ Kf4
40. Rh3 h4 41. f3 Ke3 0-1

[Event "TCh-TUR Super League 2018"]
[Site "Ankara TUR"]
[Date "2018.07.29"]
[Round "5.2.3"]
[White "Demircioglu, Emre"]
[Black "Asadli, Vugar"]
[Result "0-1"]
[BlackTitle "IM"]
[WhiteElo "2244"]
[BlackElo "2478"]
[WhiteTeam "TAS DUVAR SPOR KULUBU DERNEGI"]
[BlackTeam "DARUSSAFAKA SPOR KULUBU"]
[WhiteFideId "6301878"]
[BlackFideId "13405764"]
[EventDate "2018.07.25"]

1. d4 g6 2. Nf3 Bg7 3. g3 d6 4. Bg2 Nd7 5. O-O e5 6. e4 Ne7 7. Nc3 O-O 8. Re1
exd4 9. Nxd4 Nc6 10. Nf3 h6 11. Nd5 Re8 12. c3 a5 13. Be3 a4 14. Qc2 Nf6 15.
Nxf6+ Qxf6 16. Nd4 Ne5 17. f4 Nc4 18. Bf2 Qd8 19. b3 Na5 20. Rad1 Bd7 21. c4
axb3 22. axb3 Qc8 23. b4 Nc6 24. Nxc6 Bxc6 25. b5 Bd7 26. Bd4 Bxd4+ 27. Rxd4 Qb8
28. Qf2 Ra4 29. e5 Be6 30. Bd5 dxe5 31. fxe5 Qc8 32. Rf4 Qd7 33. Rf1 Bxd5 34.
cxd5 Rxf4 35. Qxf4 Qxd5 36. e6 Qxe6 37. Qxc7 Qd5 38. Qb6 Re2 39. Rf2 Re1+ 0-1

[Event "TCh-TUR Super League 2018"]
[Site "Ankara TUR"]
[Date "2018.07.29"]
[Round "5.3.1"]
[White "Zhigalko, Sergei"]
[Black "Rakhmanov, Aleksandr"]
[Result "1-0"]
[WhiteTitle "GM"]
[BlackTitle "GM"]
[WhiteElo "2616"]
[BlackElo "2627"]
[WhiteTeam "KAHRAMANMARAS BUYUKSEHIR BELEDIYESI GENCLIK VE SPOR KULUBU DERNEGI"]
[BlackTeam "ROTA KOLEJI SPOR KULUBU DERNEGI"]
[WhiteFideId "13502956"]
[BlackFideId "4173708"]
[EventDate "2018.07.25"]

1. e4 e5 2. Nf3 Nf6 3. Nxe5 d6 4. Nf3 Nxe4 5. d4 d5 6. Bd3 Bf5 7. O-O Be7 8.
Nbd2 O-O 9. Re1 Nd6 10. Bxf5 Nxf5 11. Nf1 c6 12. Qd3 Nd6 13. Bf4 Na6 14. Ne3 Nc7
15. Nf5 Nxf5 16. Qxf5 Ne6 17. Bg3 Bf6 18. c3 g6 19. Qc2 Ng7 20. Re2 Re8 21. Be5
Bxe5 22. Nxe5 Nf5 23. Rae1 Kg7 24. Qc1 Nd6 25. Ng4 Rxe2 26. Qh6+ Kh8 27. Rxe2
Nf5 28. Qf4 Kg7 29. Re5 Qf8 30. h4 Re8 31. h5 f6 32. h6+ Kf7 33. Rxf5 gxf5 34.
Qxf5 Ke7 35. Qxh7+ Qf7 36. Qf5 Qe6 37. Qf4 Qd6 38. Qxd6+ Kxd6 39. Nxf6 Rh8 40.
Ng4 Ke6 41. Kh2 Kf5 42. Kg3 Re8 43. f4 Re1 44. h7 Re8 45. Kf3 Rh8 46. Ne5 Rxh7
47. g4+ Kf6 48. Kg2 a5 49. f5 c5 50. Kg3 cxd4 51. cxd4 Rh1 52. Kf4 Rf1+ 53. Nf3
Rf2 54. g5+ Ke7 55. Kg3 Rxb2 56. f6+ Ke6 57. Ne5 Rb1 58. f7 Rf1 59. g6 Ke7 60.
a4 b6 61. Kg4 Kf8 62. Nd7+ Kg7 63. f8=Q+ Rxf8 64. Nxf8 Kxf8 65. Kg5 Kg7 66. Kf5 1-0